|
|
|
|
| LEADER |
00000nam0a2200000 4500 |
| 001 |
133535 |
| 005 |
20231101220432.0 |
| 010 |
|
|
|a 5942802041
|
| 035 |
|
|
|a (RuTPU)RU\TPU\book\144729
|
| 090 |
|
|
|a 133535
|
| 100 |
|
|
|a 20080318d2006 m y0rusy50 ca
|
| 101 |
0 |
|
|a rus
|
| 102 |
|
|
|a RU
|
| 105 |
|
|
|a a j 001zy
|
| 200 |
1 |
|
|a Бизнес-контроллинг
|f Е. Л. Попченко, Н. Б. Ермасова
|
| 210 |
|
|
|a Москва
|c Альфа-Пресс
|d 2006
|
| 215 |
|
|
|a 288 с.
|c ил.
|
| 320 |
|
|
|a Список литературы: с. 274-285.
|
| 330 |
|
|
|a Для совершенствования и развития компаний в настоящее время используются разнообразные методы. В последнее время развитие и широкое применение вычислительной техники помогает решить проблему эффективного использования мощных концептуальных, математических и технических средств, одно из которых — контроллинг. Главной целью контроллинга является системная организация материальных, финансовых и информационных потоков, направленная на совершенствование организационной структуры, перераспределение и минимизацию использования различных ресурсов, сокращение сроков реализации потребностей клиентов, повышение качества их обслуживания. Контроллинг позволяет сформировать совершенно новые деловые цели с использованием последних достижений информационных технологий. Книга предназначена для менеджеров, экономистов, практикующих в различных сферах деятельности и желающих эффективно управлять бизнесом, также будет полезна преподавателям высших учебных заведений.
|
| 606 |
1 |
|
|a Предприятия
|x Экономика
|x Управление
|2 stltpush
|3 (RuTPU)RU\TPU\subj\36690
|9 57983
|
| 610 |
1 |
|
|a экономика
|
| 610 |
1 |
|
|a предприятия
|
| 610 |
1 |
|
|a управление
|
| 610 |
1 |
|
|a контроллинг
|
| 610 |
1 |
|
|a методы
|
| 610 |
1 |
|
|a планирование
|
| 610 |
1 |
|
|a регулирование
|
| 610 |
1 |
|
|a контроль
|
| 610 |
1 |
|
|a бюджетирование
|
| 610 |
1 |
|
|a стратегический контроллинг
|
| 686 |
|
|
|a У9(2)29-2
|v LBC/SL-A
|2 rubbk
|
| 700 |
|
1 |
|a Попченко
|b Е. Л.
|g Елена Леонидовна
|
| 701 |
|
1 |
|a Ермасова
|b Н. Б.
|g Наталья Борисовна
|
| 801 |
|
1 |
|a RU
|b 63413507
|c 20080318
|g PSBO
|
| 801 |
|
2 |
|a RU
|b 63413507
|c 20210922
|g PSBO
|
| 900 |
|
|
|a Контроллинг и аудит деятельности предприятия
|
| 942 |
|
|
|c BK
|
| 959 |
|
|
|a 34/20080318
|d 1
|e 174,00
|f ЧЗГЛ:1
|